La cenicienta
Salvato in:
| Autori principali: | , |
|---|---|
| Natura: | Libro |
| Lingua: | spagnolo |
| Pubblicazione: |
Santiago
Origo
2017
|
| Edizione: | 1a. ed |
| Serie: | Viva Leer
|
| Soggetti: | |
| Tags: |
Aggiungi Tag
Nessun Tag, puoi essere il primo ad aggiungerne!!
|
MARC
| LEADER | 00000cam a2200000 a 4500 | ||
|---|---|---|---|
| 001 | UCC2237 | ||
| 003 | CL-VaPUC | ||
| 008 | 180114e20170000cl |||||||||||||||||spa|d | ||
| 020 | |a 9789563161366 | ||
| 082 | 0 | 4 | |a 808.068 |b GRI |2 21 |
| 100 | |a Grimm, Jacob Ludwig Karl |e author |9 596364 | ||
| 700 | |a Grimm, Wilhelm Karl |e author |9 342785 | ||
| 245 | 1 | 3 | |a La cenicienta |
| 250 | |a 1a. ed | ||
| 300 | |a pág. irreg | ||
| 942 | |c BK | ||
| 945 | |d 20180114 20:51:00 |a arojas | ||
| 260 | |a Santiago |b Origo |c 2017 | ||
| 650 | 0 | |a Cuentos infantiles |9 308044 | |
| 650 | 0 | |a Literatura infantil |9 307465 | |
| 583 | |a last modification |c 20180114 20:51:00 |k Rodrigo Vera | ||
| 490 | 0 | |a Viva Leer | |
| 999 | |c 370471 |d 370469 | ||
| 952 | |0 0 |1 0 |3 erd |4 0 |6 808_068000000000000_GRI_2017 |7 0 |8 C |9 486974 |a BIBCUR |b BIBCUR |i 5446740 |o 808.068 GRI 2017 |p 5446740 |r 2025-04-22 |w 2019-11-24 |y BK |z Catalogado en:20180114 |k INF | ||